Digitazioni di Parole - "Anticostituzionalissimamente" - Statistics

Statistiche generali
  • Questo quiz è stato fatto 39 volte
  • Il punteggio medio è 26 su 28
Statistiche sulle risposte
Lettera % Corretto
A
100%
C
100%
I
100%
N
100%
T
100%
O
96%
A
93%
I
93%
I
93%
N
93%
O
93%
S
93%
T
93%
T
93%
U
93%
Z
93%
A
89%
E
89%
I
89%
I
89%
L
89%
M
89%
M
89%
N
89%
S
89%
S
89%
E
85%
T
85%
Nessun quiz corrispondente trovato
Distribuzione punteggi
Percentuale di utenti per punteggio
Percentile per numero di risposta
I tuoi punteggi nel tempo
Non hai fatto questo quiz